=LDR 00000nam 2200000 4500 =001 INLIS000000000036134 =005 20130612141933 =008 ***********************************Ind** =035 ##$$0010-061300000036134 =041 ##$$a Ind =082 ##$$a 028.5 =090 ##$$a 028.5, Ann c =100 ##$$a Ann, Anthony =245 ##$$a Cerdas bersama POC n Pic mahluk hidup, Anthony Ann Selviyah Hanna =260 ##$$a 2011 $b jakarta =300 ##$$a 199 hlm, ilus, 24 cm =650 ##$$a Bacaan kanak-kanak =700 ##$$a Hanna, Selviya =850 ##$$a NBPNMAT